Sports Quiz

Random Sports or NBA Quiz

2010-2011 NBA MVP'S Quiz Stats

 Plays Quiz not verified by Sporcle

Score 0/10 Timer 05:00
0 Plays Today
% Correct
lebron james
98.7%
kobe bryant
94.3%
dwayne wade
91.8%
derrick rose
85.5%
kevin durant
85.5%
dwight howard
81.8%
dirk nowitzki
78%
amare stoudemire
67.3%
rajon rondo
64.2%
blake griffin
49.7%

You're not logged in!

Compare scores with friends on all Sporcle quizzes.
OR
Log In

You Might Also Like...

Show Comments

Extras

Top Quizzes Today


Score Distribution

Your Account Isn't Verified!

In order to create a playlist on Sporcle, you need to verify the email address you used during registration. Go to your Sporcle Settings to finish the process.

Report this User

Report this user for behavior that violates our Community Guidelines.

Details: